[Event "Kaluga Tsiolkovsky Memorial op"]
[Site "Kaluga"]
[Date "2016.08.09"]
[Round "4"]
[White "Tarasov, Gennady"]
[Black "Ogurtzov, Igor"]
[Result "1-0"]
[WhiteElo "1942"]
[BlackElo "1826"]
[PlyCount "61"]
[EventDate "2016.08.06"]
[EventType "swiss"]
[EventRounds "9"]
[EventCountry "RUS"]
[SourceTitle "CBM 174 Extra"]
[Source "ChessBase"]
[SourceDate "2016.10.10"]
[SourceVersion "1"]
[SourceVersionDate "2016.10.10"]
[SourceQuality "1"]

1. e4 c6 2. d4 d5 3. exd5 cxd5 4. Bb5+ Nc6 5. Bxc6+ bxc6 6. Nc3 e6 7. Nge2 c5 8. 0-0 Nf6 9. f4 Bd6 10. Nb5 Ba6 11. Nxd6+ Qxd6 12. Rf3 Ne4 13. Ng3 cxd4 14. Qxd4 Qc5 15. Be3 Qxd4 16. Bxd4 0-0 17. Ra3 Bc4 18. Nxe4 dxe4 19. Rxa7 Rxa7 20. Bxa7 Ra8 21. Bd4 Rxa2 22. Rxa2 Bxa2 23. b3 Bb1 24. c3 Ba2 25. b4 Bc4 26. Kf2 h6 27. Ke3 f5 28. Bb6 Kf7 29. Kd4 Bf1 30. g3 g5 31. Ke5 1-0

[Event "Kaluga Tsiolkovsky Memorial op"]
[Site "Kaluga"]
[Date "2014.08.08"]
[Round "7"]
[White "Shkodin, Vyacheslav"]
[Black "Tarasov, Gennady"]
[Result "0-1"]
[WhiteElo "1824"]
[BlackElo "1987"]
[PlyCount "34"]
[EventDate "2014.08.02"]
[EventType "swiss"]
[EventRounds "8"]
[EventCountry "RUS"]
[SourceTitle "EXT 2023"]
[Source "ChessBase"]
[SourceDate "2022.10.05"]
[SourceVersion "1"]
[SourceVersionDate "2022.10.05"]
[SourceQuality "1"]

1. e4 e5 2. Nf3 Nc6 3. Bb5 a6 4. Bxc6 dxc6 5. 0-0 Bg4 6. h3 h5 7. d3 Bc5 8. c3 Bxf3 9. Qxf3 Qf6 10. Qg3 h4 11. Qg4 Nh6 12. Qe2 g5 13. Be3 Bxe3 14. Qxe3 g4 15. f4 gxh3 16. fxe5 h2+ 17. Kh1 Qxf1+ 0-1

[Event "Kaluga Tsiolkovsky Memorial op"]
[Site "Kaluga"]
[Date "2013.08.06"]
[Round "4"]
[White "Tarasov, Gennady"]
[Black "Sidorov, Klim"]
[Result "1-0"]
[WhiteElo "2002"]
[BlackElo "1926"]
[PlyCount "53"]
[EventDate "2013.08.03"]
[EventType "swiss"]
[EventRounds "9"]
[EventCountry "RUS"]
[SourceTitle "CBM 156 Extra"]
[Source "ChessBase"]
[SourceDate "2013.10.22"]
[SourceVersion "1"]
[SourceVersionDate "2013.10.22"]
[SourceQuality "1"]

1. e4 e6 2. d4 b6 3. Nf3 Bb7 4. Bd3 Ne7 5. Nc3 d5 6. e5 Nd7 7. h4 a6 8. Ng5 Nf5 9. Bxf5 exf5 10. e6 fxe6 11. Nxe6 Qe7 12. 0-0 Nf6 13. Re1 Ne4 14. Nxe4 fxe4 15. Qh5+ Kd7 16. Nf4 c6 17. f3 g6 18. Qg4+ Ke8 19. fxe4 dxe4 20. Nxg6 Rg8 21. Rxe4 Rxg6 22. Rxe7+ Bxe7 23. Qh5 c5 24. Bg5 Bxg5 25. hxg5 Kf7 26. Qxh7+ Rg7 27. Rf1+ 1-0

[Event "Kaluga Tsiolkovsky Memorial op"]
[Site "Kaluga"]
[Date "2013.08.05"]
[Round "3"]
[White "Tarasov, Gennady"]
[Black "Lopukhin, Anatoly Viktorovich"]
[Result "0-1"]
[WhiteElo "2002"]
[BlackElo "2287"]
[PlyCount "90"]
[EventDate "2013.08.03"]
[EventType "swiss"]
[EventRounds "9"]
[EventCountry "RUS"]
[SourceTitle "CBM 156 Extra"]
[Source "ChessBase"]
[SourceDate "2013.10.22"]
[SourceVersion "1"]
[SourceVersionDate "2013.10.22"]
[SourceQuality "1"]

1. e4 c6 2. d4 d5 3. e5 g6 4. Nc3 Bg7 5. Nf3 Nh6 6. Bd3 0-0 7. Be3 f6 8. Qd2 Nf7 9. exf6 Bxf6 10. h4 c5 11. h5 cxd4 12. hxg6 dxe3 13. gxf7+ Rxf7 14. fxe3 e6 15. 0-0-0 Nc6 16. Qf2 Qd6 17. Bxh7+ Rxh7 18. Rxh7 Kxh7 19. Ne4 Qe7 20. Qg3 Bxb2+ 21. Kxb2 Qg7+ 22. Qxg7+ Kxg7 23. Neg5 Kg6 24. Nh3 Kf6 25. g4 Ke7 26. g5 e5 27. Nf2 Be6 28. Nh4 Rg8 29. g6 Na5 30. Kc1 Nc4 31. e4 d4 32. Nf5+ Bxf5 33. exf5 Ne3 34. Re1 Kf6 35. Ne4+ Kxf5 36. Nd6+ Ke6 37. Nxb7 Rxg6 38. Nc5+ Kd5 39. Nd3 a5 40. c3 Rc6 41. Rxe3 dxe3 42. Kc2 Ke4 43. a4 Rd6 44. Nc5+ Kf3 45. Nd3 Rxd3 0-1

[Event "Kaluga Tsiolkovsky Memorial op"]
[Site "Kaluga"]
[Date "2012.08.05"]
[Round "7"]
[White "Sedina, Alina"]
[Black "Tarasov, Gennady"]
[Result "0-1"]
[WhiteElo "1828"]
[BlackElo "2027"]
[PlyCount "86"]
[EventDate "2012.07.30"]
[EventType "swiss"]
[EventRounds "9"]
[EventCountry "RUS"]
[SourceTitle "EXT 2014"]
[Source "ChessBase"]
[SourceDate "2013.11.20"]
[SourceVersion "1"]
[SourceVersionDate "2013.11.20"]
[SourceQuality "1"]

1. d4 d5 2. c4 c6 3. Nf3 Nf6 4. Nc3 e6 5. e3 Be7 6. Qc2 0-0 7. Bd3 dxc4 8. Bxc4 b5 9. Bd3 a5 10. 0-0 Qc7 11. Nxb5 Qb6 12. Nc3 Ba6 13. Bxa6 Nxa6 14. a3 Rac8 15. e4 c5 16. d5 c4 17. Be3 Qb8 18. Nd4 Ng4 19. g3 Nxe3 20. fxe3 Bg5 21. Qe2 Nc5 22. Rad1 exd5 23. exd5 Nd3 24. Ne4 Bd8 25. b3 Ne5 26. bxc4 Rxc4 27. Rc1 Rxc1 28. Rxc1 Re8 29. Nc5 Qc8 30. Qd2 Bb6 31. Qc3 Qh3 32. Qd2 h5 33. Qg2 Qg4 34. h3 Qg5 35. Kh1 Qxe3 36. Qg1 Qxa3 37. Nb5 Qf3+ 38. Qg2 Qe3 39. Rc3 Qe1+ 40. Kh2 Ng4+ 41. hxg4 Re2 42. Rc2 Rxg2+ 43. Kxg2 hxg4 0-1

[Event "Kaluga Tsiolkovsky Memorial op"]
[Site "Kaluga"]
[Date "2012.08.05"]
[Round "6"]
[White "Tarasov, Gennady"]
[Black "Antipov, Vladimir"]
[Result "0-1"]
[WhiteElo "2027"]
[BlackElo "1930"]
[PlyCount "32"]
[EventDate "2012.07.30"]
[EventType "swiss"]
[EventRounds "9"]
[EventCountry "RUS"]
[SourceTitle "EXT 2014"]
[Source "ChessBase"]
[SourceDate "2013.11.20"]
[SourceVersion "1"]
[SourceVersionDate "2013.11.20"]
[SourceQuality "1"]

1. e4 c6 2. d4 d5 3. e5 Bf5 4. g4 Be4 5. f3 Bg6 6. h4 h5 7. g5 e6 8. Bd3 Bxd3 9. Qxd3 g6 10. Ne2 Qa5+ 11. Bd2 Qa6 12. Qxa6 Nxa6 13. Nbc3 Ne7 14. Ng3 c5 15. dxc5 Nc6 16. a3 Nxc5 0-1